Euro 2020: Liste 26 - Portugal - Statistiques

Statistiques générales
  • Ce quiz a été pris 994 fois
  • Le résultat moyen est 21 sur 27
Statistiques - réponses
Poste Club Joueur % Correct
A Juventus Turin Cristiano Ronaldo
98%
A Eintracht Francfort André Silva
94%
M Manchester City Bernardo Silva
94%
A Benfica Lisbonne Rafa Silva
94%
G Grenade Rui Silva
94%
G Lyon Anthony Lopes
93%
D Manchester City Ruben Dias
92%
G Wolverhampton Rui Patrício
91%
D Manchester City Joao Cancelo
90%
A Liverpool FC Diogo Jota
89%
D FC Porto Pepe
88%
M Manchester United Bruno Fernandes
87%
M Paris SG Danilo Pereira
87%
D Lille OSC José Fonte
86%
D Borussia Dortmund Raphaël Guerreiro
86%
M Atlético Madrid João Felix
84%
M Lille OSC Renato Sanches
83%
M Betis Séville William Carvalho
77%
A Valence CF Gonçalo Guedes
74%
M Wolverhampton Ruben Neves
74%
M Wolverhampton João Moutinho
72%
D Wolverhampton Nelson Semedo
65%
D Sporting Portugal Nuno Mendes
56%
S / Fernando Santos
53%
M Sporting Portugal João Palhinha
37%
A Sporting Portugal Pedro Gonçalves
37%
M FC Porto Sergio Oliveira
37%
Aucun quiz correspondant
Distribution des résultats
% des personnes avec chaque résultat
Percentile par nombre de réponses
Votre historique - résultats
Vous n’avez pas pris ce quiz